| 000 | 00000nas 2200000za 4500 |
| 001 | 9.501470 |
| 003 | CaOODSP |
| 005 | 20251016094816 |
| 007 | cr ||||||||||| |
| 008 | 150406c20069999onc u mso||||f0 b0fre|d |
| 040 | |aCaOODSP|bfre |
| 043 | |an-cn--- |
| 086 | 1 |aEn3-4F-PDF |
| 086 | 1 |aFs41-1F-PDF |
| 245 | 00|aLoi sur les espèces en péril, série de programmes de rétablissement |h[ressource électronique] / |cPublié conjointement par Environnement Canada, Parcs Canada, et Pêches et Océans Canada. |
| 246 | 1 |iTitre additionnel (dans la publication) : |aSérie de Programmes de rétablissement de la Loi sur les espèces en péril |
| 246 | 1 |iTitre additionnel (dans la publication) : |aSérie de rapports sur les documents de rétablissement, Loi sur les espèces en péril |
| 260 | |aOttawa : |bEnvironnement Canada |
| 310 | |aIrrégulier |
| 500 | |aPubl. aussi en anglais sous le titre : Species at Risk Act recovery strategy report series. |
| 692 | 07|2gccst|aEspèce menacée |
| 692 | 07|2gccst|aEspèce protégée |
| 710 | 1 |aCanada. |bEnvironnement Canada. |
| 710 | 1 |aCanada. |bMinistère des pêches et des océans. |
| 710 | 1 |aCanada. |bEnvironnement et changement climatique Canada. |
| 710 | 2 |aParcs Canada. |
| 775 | 08|tSpecies at Risk Act recovery strategy series |w(CaOODSP)9.505071 |
| 775 | 08|tLoi sur les espèces en péril, série de programmes de rétablissement / |w(CaOODSP)9.915579 |
| 776 | 0#|tLoi sur les espèces en péril, série de programmes de rétablissement / |w(CaOODSP)9.513934 |